El modelo social europeo y América Latina /

El documento presenta un análisis de las políticas de bienestar en América Latina, como punto de partida el Modelo Social Europeo, para comparar los modelos, experiencias y lecciones en América Latina, identificando puntos de contacto y problemas similares que permiten relacionar los debates académi...

Full beskrivning

Sparad:
Bibliografiska uppgifter
Övriga upphovsmän: Lash, Scott (Utgivare, redaktör, sammanställare), Agudelo Taborda, Jairo, Alonso Domínguez, Angel, Bernecker, Walther L., Guillén, Ana M., Lobato Gentil, Denise, Martínez Franzoni, Juliana, Moreno, Luis, Parada Corrales, Jairo, Peters, Stefan, Riccardi, Davide, Sánchez-Ancochea, Diego
Materialtyp: Bok
Språk:Spanish
Publicerad: Bogotá Fundación Konrad Adenauer, 2019
Ämnen:
Taggar: Lägg till en tagg
Inga taggar, Lägg till första taggen!

MARC

LEADER 00000nam a22000007a 4500
003 cru CIDCACS/IIS
005 20231019150252.0
008 200123t2019 co |||||r||||||0| 0|spa|d
020 |a 9789585687172 
040 |b cru CRAI/IIS 
090 |a 03.02.03 B858m 
100 1 |a Lash, Scott  |e editor  |9 8975 
245 1 3 |a El modelo social europeo y América Latina /  |c Jairo Agudelo Taborda, Angel Alonso Domínguez, Walther L. Bernecker, Ana M. Guillén, Denise Lobato Gentil, Juliana Martínez Franzoni, Luis Moreno, Jairo Parada Corrales, Stefan Peters, Davide Riccardi, Diego Sánchez-Ancochea; editor Sören Brinkmann 
260 |a Bogotá  |b Fundación Konrad Adenauer,   |c 2019 
300 |a 262 páginas:  |b tablas, gráficos 
520 3 |a El documento presenta un análisis de las políticas de bienestar en América Latina, como punto de partida el Modelo Social Europeo, para comparar los modelos, experiencias y lecciones en América Latina, identificando puntos de contacto y problemas similares que permiten relacionar los debates académicos y políticos sobre el bienestar social en ambos espacio geográficos. 
650 0 4 |9 4380  |a MODELOS ECONOMICOS 
650 0 0 |a POLITICAS DE DESARROLLO  |9 3369 
650 0 0 |9 289  |a POLITICA SOCIAL  
651 0 |9 19  |a EUROPA 
651 0 |9 17  |a AMERICA LATINA 
700 1 |9 8977  |a Agudelo Taborda, Jairo 
700 1 |9 8976  |a Alonso Domínguez, Angel 
700 1 |9 8978  |a Bernecker, Walther L. 
700 1 |9 8979  |a Guillén, Ana M. 
700 1 |9 8980  |a Lobato Gentil, Denise  
700 1 |a Martínez Franzoni, Juliana  |9 5912 
700 1 |9 8541  |a Moreno, Luis 
700 1 |9 8982  |a Parada Corrales, Jairo  
700 1 |9 8983  |a Peters, Stefan 
700 1 |9 8984  |a Riccardi, Davide 
700 1 |9 8985  |a Sánchez-Ancochea, Diego 
942 |2 ddc  |c LI  |h 03.02.03 B858m  |i 21261  |6 030203_B858M_21261 
999 |c 42684  |d 42684